Force structure : Army support forces can meet two-conflict strategy with some risks : report to congressional committees /

Bibliographic Details
Corporate Author: United States. General Accounting Office
Format: Government Document Microform Book
Language:English
Published: Washington, D.C. : The Office ; [1997]
Subjects:
Online Access:Adobe Acrobat Reader required

MARC

Tag First Indicator Second Indicator Subfields
LEADER 00000cam a2200000 a 4500
001 in00001447607
007 he bmb024bbca
008 990304s1997 dcua bb f000 0 eng c
005 20230331145807.0
035 |a (OCoLC)ocm40903040 
035 |9 AJD6861AM 
035 |a in00001447607 
037 |a 158166  |b GAO (202) 512-6000 (Voice); (301) 258-4066 (Fax)  |f paper copy 
040 |a GPO  |c GPO  |d DLC  |d MvI  |d UtOrBLW 
042 |a pcc 
043 |a n-us--- 
049 |a UMIC 
049 |a WWW 
074 |a 0546-D (MF) 
074 |a 0546-D (online) 
086 0 |a GA 1.13:NSIAD-97-66 
088 |a GAO/NSIAD-97-66 
088 |a B-272600 
110 1 |a United States.  |b General Accounting Office. 
245 1 0 |a Force structure :  |b Army support forces can meet two-conflict strategy with some risks : report to congressional committees /  |c United States General Accounting Office. 
246 3 0 |a Army support forces can meet two-conflict strategy with some risks 
264 1 |a Washington, D.C. :  |b The Office ;  |c [1997] 
264 2 |a Gaithersburg, MD (P.O. Box 6015, Gaithersburg 20884-6015) :  |b The Office [distributor], 
300 |a 81 pages :  |b illustrations ;  |c 28 cm. 
336 |a text  |b txt  |2 rdacontent 
337 |a microform  |b h  |2 rdamedia 
338 |a microfiche  |b he  |2 rdacarrier 
500 |a Cover title. 
500 |a Shipping list number: 99-0142-M. 
500 |a "February 1997." 
504 |a Includes bibliographical references. 
500 |a "GAO/NSIAD-97-66." 
500 |a "B-272600"--P. [1]. 
533 |a Microfiche.  |b [Washington, D.C.] :  |c U.S. General Accounting Office,  |d [1999?]  |e 1 microfiche : negative. 
530 |a Also available via Internet from the GPO Access web site. Address as of 04/17/01: http://frwebgate.access.gpo.gov/cgi-bin/getdoc.cgi?dbname=gao&docid=f:ns97066.pdf; current access is available via PURL. 
500 |a Microform. 
610 1 0 |a United States.  |b Army  |x Organization. 
610 1 0 |a United States.  |b Army  |x Reorganization. 
651 0 |a United States  |x Military policy. 
650 0 |a Military readiness. 
856 4 1 |u https://purl.fdlp.gov/GPO/LPS11074  |z Adobe Acrobat Reader required  |t 0 
999 |a MARS 
999 f f |i 281f7d08-4b22-377b-98c6-6df073553cdb  |s 409eecc9-c33f-32b1-b6cf-5ad952a0fb18  |t 0 
952 f f |p normal  |a Texas A&M University  |b College Station  |c Sterling C. Evans Library  |d Evans: US Documents Microfiche (3rd floor)  |t 0  |e GA 1.13:NSIAD-97-66  |h Superintendent of Documents classification  |i microform -- microfiche  |m A14824384910 
952 f f |a Texas A&M University  |b College Station  |c Electronic Resources  |d Available Online  |t 0  |e GA 1.13:NSIAD-97-66  |h Superintendent of Documents classification 
998 f f |a GA 1.13:NSIAD-97-66  |t 0  |l Evans: US Documents Microfiche (3rd floor) 
998 f f |a GA 1.13:NSIAD-97-66  |t 0  |l Available Online